Canadian Appraiser (Record no. 118519)

MARC details
000 -LEADER
fixed length control field 00694cas a22002415a 4500
001 - CONTROL NUMBER
control field ##L98772
008 - FIXED-LENGTH DATA ELEMENTS--GENERAL INFORMATION
fixed length control field 070704c1984 xxcqr p 0 a0eng
022 1# - INTERNATIONAL STANDARD SERIAL NUMBER
International Standard Serial Number 0827-2697
035 ## - SYSTEM CONTROL NUMBER
System control number (Sirsi) u98772
041 0# - LANGUAGE CODE
Language code of text/sound track or separate title eng
110 2# - MAIN ENTRY--CORPORATE NAME
Corporate name or jurisdiction name as entry element Appraisal Institute of Canada
9 (RLIN) 829
245 00 - TITLE STATEMENT
Title Canadian Appraiser
260 ## - PUBLICATION, DISTRIBUTION, ETC.
Place of publication, distribution, etc. Ottowa
Name of publisher, distributor, etc. AIC
Date of publication, distribution, etc. 1984-2008
362 ## - DATES OF PUBLICATION AND/OR SEQUENTIAL DESIGNATION
Dates of publication and/or sequential designation 28(1) Spring 1984-52(1) 2008
520 ## - SUMMARY, ETC.
Summary, etc. Changed name to Canadian property valuation (L145397).
554 ## -
-- Four per year
651 #4 - SUBJECT ADDED ENTRY--GEOGRAPHIC NAME
Geographic name Canada
690 ## - LOCAL SUBJECT ADDED ENTRY--TOPICAL TERM (OCLC, RLIN)
Topical term or geographic name as entry element PROPERTY-PROPERTY APPRAISAL AND VALUATION
780 00 - PRECEDING ENTRY
Title Appraisal Institute Magazine
785 00 - SUCCEEDING ENTRY
Title Canadian property valuation
942 ## - ADDED ENTRY ELEMENTS (KOHA)
Suppress in OPAC 0
948 ## - LOCAL PROCESSING INFORMATION (OCLC); SERIES PART DESIGNATOR (RLIN)
c (OCLC) 09/03/1994
Holdings
Withdrawn status Lost status Source of classification or shelving scheme Damaged status Not for loan Home library Current library Shelving location Date acquired Total Checkouts Full call number Barcode Date last seen Price effective from Koha item type
    Dewey Decimal Classification     London London Gallery 13/05/2005   CANADIAN APPRAISER 98772-1001 06/08/2019 06/08/2019 Journal